000 00340cam a2200133ua 4500
041 _ahin
_h
082 _a891.54
_bBAL/RA
100 _aBalavath, Singh .
245 _aRath char aur chanth /
_cBalavath Singh.
_hTextual Documents
260 _aDelhi :
_bRajkamal Prakash ,
_c1962.
300 _a170 ; .
942 _cBK
999 _c2630
_d2630